000 00462nam a2200181Ia 4500
008 240925s9999 xx 000 0 und d
020 _a9789332535404
082 _a658.4012 THO
100 _aThomas, Jacob
245 0 _aStrategic Management: text and cases
250 _aNA
260 _aNew Delhi:
_bPearson Education
_c,2016.
300 _a985p.
_b0
_fOriginal
500 _aIncludes Index
600 _aManagement
650 _aManagement
942 _cBK
999 _c15488
_d15488